000 00789nam a22002777a 4500
001 BR7601380
003 BR-BrBNA
005 20230928084926.0
007 ta
008 230509b bl.||||| |||| 00| 0 por d
040 _aBR-BrBNA
_bpor
_cBiblioteca Nacional de Agricultura
041 _a(Por)
072 _aD50; E70
_b9910
_b/G514
090 _ 9910 BR7601380
110 1 _aAssociacao Brasileira da Industria de Torrefacao e Moagem de Cafe, Rio de Janeiro, RJ
245 1 _aLegislacao basica [cafe, torrefacao, moagem, Brasil]
260 3 _aRio de Janeiro, RJ (Brasil):
_c[nd].
300 _a47 p.
500 _aPublished 1975?
650 _aLEGISLACAO
650 _aCAFE
650 _aTORREFACAO
650 _aMOAGEM
909 _a202309
_bLucia
_c55
_dLucia Elande
942 _cBK
999 _c21909
_d21909